00321nam a2200121Ia 4500008004100000041000800041082001200049100002300061245003500084260003700119300003100156365001200187240624s9999 xx 000 0 und d aeng a658 PET aPETTIGREW ANDREW M aINNOVATIVE FORMS OF ORGANIZING c2003aLondonbSage International axiv, : 411 : p. : cm. ; 24 cGBPb38